| 000 | 01222cam a22003377a 4500 | ||
|---|---|---|---|
| 003 | CHAP | ||
| 005 | 20220329133107.0 | ||
| 008 | 971013s1989 r 00010 d | ||
| 010 | _a2068 | ||
| 011 | _a3040 | ||
| 035 | _a2240 | ||
| 040 | _cCHAP | ||
| 090 | _aTesis | ||
| 100 | 0 | 0 |
_aFlores Reyes, J. Jesús Antonio. _941705 |
| 245 | 0 | _aSelección masal estratificada en girasol (Helianthus annuus L.) en las variedades Tecmon 1,2,3 y Do-725 en condiciones de riego y temporal en el altiplano potosino | |
| 260 |
_aMonterrey, N. L. : _bEl Autor, _c1989 |
||
| 300 | _a110 h. | ||
| 502 | _aTesis (M.C. Esp. en Fitomejoramiento) -- ITESM. División de Graduados e Investigación | ||
| 590 |
_aALEPH _b10 _c20130110 _lUCH01 _h1211 |
||
| 590 |
_aBATCH-UPD _b10 _c20130110 _lUCH01 _h1031 |
||
| 590 |
_aBATCH-UPD _b10 _c20130410 _lUCH01 _h0634 |
||
| 590 |
_aBATCH-UPD _b10 _c20130913 _lUCH01 _h2139 |
||
| 590 |
_aCONVERSION _b10 _c20130109 _lUCH01 _h1302 |
||
| 650 | 1 | 4 |
_aAgricultura de temporal. _91999 |
| 650 | 1 | 4 |
_aGirasol _xIrrigación. _948158 |
| 650 | 1 | 4 |
_aGirasol _xSan Luis Potosí. _948173 |
| 650 | 1 | 4 |
_aGirasol _xSelección masal. _948174 |
| 901 | _aBK | ||
| 942 | _cTESIS | ||
| 949 |
_bBC _cTES _d-11739 _eTS1 _h24238 _i2240 _si |
||
| 999 |
_c2068 _d2068 |
||